Compendio de disposiciones fundamentales relativas al Servicio Nacional del Trigo / (Record no. 69751)

MARC details
000 -LEADER
campo de control de longitud fija 00629nam a2200181 i 4500
001 - NÚMERO DE CONTROL
campo de control 69751
003 - IDENTIFICADOR DE NÚMERO DE CONTROL
campo de control ES-MaACL
005 - FECHA Y HORA DE LA ÚLTIMA TRANSACCIÓN
campo de control 20230906170614.0
007 - CAMPO FIJO DE DESCRIPCIÓN FÍSICA--INFORMACIÓN GENERAL
campo de control de longitud fija t|
008 - DATOS DE LONGITUD FIJA--INFORMACIÓN GENERAL
campo de control de longitud fija 040709s1962 sp ||||1| spa d
100 1# - ENTRADA PRINCIPAL--NOMBRE DE PERSONA
Nombre de persona García González, Aurelio.
9 (RLIN) 54709
245 10 - MENCIÓN DEL TÍTULO
Título Compendio de disposiciones fundamentales relativas al Servicio Nacional del Trigo /
Mención de responsabilidad, etc. Aurelio García González, Basilio Sánchez-Altamuro Vera.
250 ## - MENCION DE EDICION
Mención de edición 1ª ed.
260 ## - PUBLICACIÓN, DISTRIBUCIÓN, ETC.
Lugar de publicación, distribución, etc. Madrid :
Nombre del editor, distribuidor, etc. [s.n.,
Fecha de publicación, distribución, etc. 1962] (
Fabricante Gráfs. P. Martínez)
300 ## - DESCRIPCIÓN FÍSICA
Extensión 641 p. ;
Dimensiones 26 cm.
700 1# - ENTRADA AGREGADA--NOMBRE PERSONAL
Nombre de persona Sánchez-Altamuro Vera, Basilio.
9 (RLIN) 102451
852 ## - LOCALIZACIÓN
Ubicación ES-MaACL
Número de control de estantería C-21954
Sublocalización o colección R.50497
Holdings
Estatus retirado Estado de pérdida Estado de daño No para préstamo Biblioteca de origen Biblioteca actual Ubicación en estantería Fecha de adquisición Fuente de adquisición Total de préstamos Signatura topográfica completa Código de barras Visto por última vez Precio de reemplazo Tipo de ítem Koha
        Biblioteca del Ateneo de Madrid Biblioteca del Ateneo de Madrid Galería 17/01/2008     C-21954 1073039 23/02/2023 23/02/2023 Libro impreso